000 00350nam a2200133Ia 4500
008 100328s9999 xx 000 0 und d
082 _b38374
100 _aराजे नयना
245 _aसमरांगण
260 _bनवचैतन्य
630 _aसमरांगण
730 _aसमरांगण
942 _cBOOK
999 _c527574
_d527571